000 00229 a2200097 4500
001 53179
100 _aFromm, Erich
245 _aAnatomy of Human destructiveness
260 _aSingapore
_bPenguin Books
_c
090 _c33465
_d33465
942 _aNUST-CAE
_cM
_c26075
999 _c288252
_d288252